| 000 | 01581nam a2200397Ii 4500 | ||
|---|---|---|---|
| 001 | DIGVERBUM1610 | ||
| 003 | NyNyDIG | ||
| 006 | m o d | ||
| 007 | cr ||||||||||| | ||
| 008 | 250204s2008 sp ob 000 0 spa d | ||
| 035 | _a(OCoLC)1500526986 | ||
| 040 |
_aDGITA _beng _erda _epn _cDGITA |
||
| 020 | _z9788479625306 | ||
| 050 | 1 | 4 | _aBD305 ebook |
| 082 | 0 | 4 |
_a320.01 _223 |
| 100 | 1 |
_aVillacañas de Castro, Luis Sebastián, _d1982- _eauthor. |
|
| 245 | 1 | 0 |
_aVirtualidad y actualidad : _buna introducción a la ontología política contemporánea / _cLuis Sebastián Villacañas de Castro. |
| 264 | 1 |
_aLa Poveda (Arganda del Rey), Madrid : _bEditorial Verbum, _c[2008] |
|
| 300 | _a1 online resource. | ||
| 336 |
_atext _btxt _2rdacontent |
||
| 337 |
_acomputer _bc _2rdamedia |
||
| 338 |
_aonline resource _bcr _2rdacarrier |
||
| 347 |
_atext file _2rdaft |
||
| 347 | _bPDF | ||
| 490 | 1 | _aVerbum Ensayo | |
| 504 | _aIncludes bibliographical references. | ||
| 588 | 0 | _aOnline resource; title from PDF title page (Digitalia, viewed February 4, 2025) | |
| 650 | 0 |
_aOntology _xPolitical aspects. |
|
| 791 | 2 |
_aDigitalia (Firm), _edistributor. |
|
| 793 | 0 |
_gDigitalia eBook Collection: _aVerbum |
|
| 776 | 0 | 8 |
_iPrint version: _aVillacañas de Castro, Luis Sebastián, 1982- _tVirtualidad y actualidad. _dLa Poveda (Arganda del Rey), Madrid : Editorial Verbum, [2008] _z9788479625306 |
| 830 | 0 | _aEnsayo (Editorial Verbum) | |
| 856 | 4 | 0 |
_3Digitalia Hispánica _uhttps://www.digitaliapublishing.com/a/139775/ |
| 910 | _aPremium collection: 2025 | ||
| 942 | _cRAA | ||
| 999 |
_c285271 _d285271 |
||